书目信息 |
| 题名: |
|
|
| 作者: | ||
| 分册: | y0120 ea | |
| 出版信息: |
|
|
| 页数: | 兰椭型獯蟮赝?A | |
| 开本: | ||
| 丛书名: | ||
| 单 册: | ||
| 中图分类: | ||
| 科图分类: | ||
| 主题词: | r Shi Sh | |
| 电子资源: | ||
| ISBN: | ||
| 000 | 00576nam0 2200205 45 | |
| 001 | 0504300968 | |
| 005 | 20050430114016.4 | |
| 010 | @b精装 | |
| 100 | @dCNY | |
| 101 | @a200504 | |
| 105 | @30d光绪 km y0ch | |
| 200 | @iy0120 ea | |
| 210 | @z 000yy | |
| 215 | @a兰椭型獯蟮赝?A | |
| 606 | @Er Shi Sh | |
| 690 | @i Ji Zhong | |
| 701 | Wa | @f周 |
| 701 | 裉? | @FZ |
| 801 | @hou Min Tang,Sun Hai Huan | |
| 905 | @Bian Ji | |
| .y0120 ea |
| 兰椭型獯蟮赝?A |
| ISBN (精装): |
| ● |
| 相关链接 |
|
|
|
|
正题名:二十世纪中外大地图
索取号:K99/4
 
预约/预借
| 序号 | 登录号 | 条形码 | 馆藏地/架位号 | 状态 | 备注 |
| 1 | 0002665 | 000809414 | 第二样本阅览室/ [索取号:K99/4] | 在馆 |